| 000 | 00966cam a22003014a 4500 | ||
|---|---|---|---|
| 001 | 12556006 | ||
| 003 | OSt | ||
| 005 | 20180314141404.0 | ||
| 008 | 011004s2002 nyua b 001 0 eng | ||
| 010 | _a 2001054471 | ||
| 020 | _a0815332181 (hardbound) | ||
| 020 | _a0815340729 (pbk.) | ||
| 040 |
_aDLC _cDLC _dDLC |
||
| 042 | _apcc | ||
| 050 | 0 | 0 |
_aQH581.2 _b.M64 2002 |
| 082 | 0 | 0 |
_a571.6 _221 _bMOL 2002 |
| 100 |
_aBruce, Alberts [et al.]. _912522 |
||
| 245 | 0 | 0 | _aMolecular Biology of the Cell |
| 250 | _a4th ed. | ||
| 260 |
_aNew York : _bGarland Science, _c2002. |
||
| 300 |
_axxxiv, [1548] p. : _bcol.ill ; _c29 cm. + _e1 CD-ROM (4 3/4 in.) |
||
| 504 | _aIncludes bibliographical references and index. | ||
| 650 | 0 |
_aCytology. _9940 |
|
| 650 | 0 |
_aMolecular biology. _98420 |
|
| 856 | 4 | 2 |
_3Publisher description _uhttp://www.loc.gov/catdir/enhancements/fy0652/2001054471-d.html |
| 906 |
_a7 _bcbc _corignew _d1 _eocip _f20 _gy-gencatlg |
||
| 942 |
_2ddc _cSLOAN |
||
| 999 |
_c3858 _d3858 |
||